000 00551nam a2200229Ia 4500
003 OSt
005 20220916111010.0
006 a|||||r|||| 00| 0
007 ta
008 220915b |||||||| |||| 00| 0 eng d
024 _a93397
037 _cTextbook
040 _beng
_aARTS
_cARTS
041 _aeng
082 _aU:615:N5, J5;1
100 _aDebenham F
245 0 _aNyasaland: The land of the lake
260 _c1955
650 _aGEOGRAPHY
942 _hU:615:N5, J5;1
_cTB
_2CC
999 _c102977
_d102977